| 000 | 00409nam a2200181Ia 4500 | ||
|---|---|---|---|
| 008 | 210210b1934 xxu||||| |||| 00| 0 eng d | ||
| 041 | _aeng | ||
| 082 | _a828/55 | ||
| 100 | _aBLUNDEN (E) | ||
| 245 | _aCharles Lamb (from contemporaris) | ||
| 260 |
_aLondon _b- _c1934 |
||
| 650 | _aLamb | ||
| 650 | _acontemporaris) | ||
| 650 | _aCharles | ||
| 650 | _a(from | ||
| 690 | _aBiography | ||
| 906 | _a015900 | ||
| 999 |
_c135290 _d135290 |
||